000 00421nam a22001697a 4500
005 20180816111237.0
008 160623b xxu||||| |||| 00| 0 eng d
020 _a978-81-265-2801-1
041 _aeng
082 _b9450
100 _aDally, James W and others
_92608
245 _aInstrumentation for Engineering Measurements
260 _bWiely
300 _a557
650 _aDiploma Engineering
_9817
942 _cBK
999 _c3724
_d3723